| 000 | 00482cam a2200193ua 4500 | ||
|---|---|---|---|
| 020 | _c30.00 | ||
| 041 |
_aeng _h |
||
| 082 |
_a028.70335 _bSAI/PR |
||
| 100 | _aSait, M A . | ||
| 245 |
_aPractical study of the Kerala service rules / _cMA Sait. _hTextual Documents |
||
| 250 |
_a13 / _b. |
||
| 260 |
_aTrivandrum : _bR Sadasiva panicker , _c1986. |
||
| 300 | _a345 ; . | ||
| 365 | _a30.00 | ||
| 500 | _a**Reference | ||
| 504 | _a | ||
| 942 | _cBK | ||
| 999 |
_c8117 _d8117 |
||